| 000 | 01228nam0a22002651 4500 | ||
|---|---|---|---|
| 001 | rc\4086988 | ||
| 005 | 20130415160039.6 | ||
| 021 |
_aRU _b[53-28744] |
||
| 035 | _a(NLR Aleph) 007970608 | ||
| 090 |
_a8457113 _c8457113 |
||
| 100 | _a20130415d1953 |||y0rusy50 ca | ||
| 101 | 0 | _arus | |
| 102 | _aRU | ||
| 105 | _ay z ||||| | ||
| 200 | 1 |
_aЗадания к специальному семинару по педагогике _eМетод. пособие для студентов-заочников пед. ин-тов _fГлав. упр. высш. учеб. заведений М-ва просвещения РСФСР. Науч.-метод. кабинет по заоч. обучению учителей |
|
| 210 |
_aМосква _cУчпедгиз _d1953 |
||
| 215 |
_a72 с. _d19 |
||
| 300 | _aПеред загл. авт.: доц. С.Н. Полянский | ||
| 700 | 1 |
_aПолянский _bС. Н. _gСергей Николаевич |
|
| 712 | 0 | 2 |
_aНаучно-методический кабинет по заочному обучению учителей _cМосква _3RU\NLR\AUTH\8810950 |
| 801 | 0 |
_aRU _bNLR _gpsbo |
|
| 801 | 1 |
_aRU _bELAR _2rusmarc |
|
| 852 |
_aNLR _jПр30 Г-4/1771 |
||
| 942 | _cBOOK | ||
| 980 | _aNB | ||